Statistics for Football Teams Antoine Griezmann Played For

Click here to take the quiz!

General Stats

  • This quiz has been taken 69 times
  • The average score is 4 of 5

Answer Stats

LeagueYearsTeam% Correct
Spain2014-2019Atlético de Madrid
98%
Spain2021-Atlético de Madrid
98%
Spain2019-2021FC Barcelona
97%
Spain2010-2014Real Sociedad
79%
Spain2009-2010Real Sociedad B
57%

Score Distribution

Percentile by Number Answered

Percent of People with Each Score

Your Score History

You have not taken this quiz